[Event "XXIX Miedzynarodowy Festiwal Szachowy CRACOVIA-2018 Grupa A"]
[Site "Krakow, Hotel Galaxy, ul. Gesia 22a"]
[Date "2018.12.31"]
[Round "6.17"]
[White "Piotrowski, Przemyslaw"]
[Black "Molenda, Marcin"]
[Result "1/2-1/2"]
[BlackElo "2383"]
[WhiteElo "2269"]
[LiveChessVersion "1.4.8"]

1. d4 {[%clk 1:30:45]} d5 {[%clk 1:30:52]} 2. Nf3 {[%clk 1:31:05]} Nf6
{[%clk 1:31:16]} 3. g3 {[%clk 1:31:30]} c6 {[%clk 1:31:38]} 4. Bg2
{[%clk 1:31:54]} Bf5 {[%clk 1:32:02]} 5. O-O {[%clk 1:32:18]} e6 {[%clk 1:32:17]}
6. c4 {[%clk 1:32:42]} Nbd7 {[%clk 1:32:23]} 7. Nc3 {[%clk 1:33:02]} h6
{[%clk 1:32:45]} 8. Ne5 {[%clk 1:20:59]} Nxe5 {[%clk 1:26:02]} 9. dxe5
{[%clk 1:11:31]} Ng4 {[%clk 1:24:57]} 10. cxd5 {[%clk 1:10:11]} exd5
{[%clk 1:24:34]} 11. e4 {[%clk 0:59:13]} dxe4 {[%clk 1:23:47]} 12. Nxe4
{[%clk 0:57:36]} Qxd1 {[%clk 1:23:17]} 13. Rxd1 {[%clk 0:58:00]} Bxe4
{[%clk 1:22:01]} 14. Bxe4 {[%clk 0:58:26]} Bc5 {[%clk 1:21:33]} 15. Rf1
{[%clk 0:43:53]} O-O {[%clk 1:15:37]} 16. Bf4 {[%clk 0:40:50]} Bd4
{[%clk 1:11:52]} 17. h3 {[%clk 0:35:22]} Nxe5 {[%clk 1:11:06]} 18. Rad1
{[%clk 0:34:51]} Rad8 {[%clk 1:10:42]} 19. Bxe5 {[%clk 0:35:15]} Bxe5
{[%clk 1:11:07]} 20. b3 {[%clk 0:35:39]} Bd4 {[%clk 1:10:23]} 21. Rfe1
{[%clk 0:35:19]} Rd6 {[%clk 1:08:04]} 22. Kg2 {[%clk 0:35:06]} Rfd8
{[%clk 1:07:52]} 23. Re2 {[%clk 0:34:12]} Kf8 {[%clk 1:07:26]} 24. h4
{[%clk 0:34:05]} h5 {[%clk 1:05:50]} 25. Rc2 {[%clk 0:33:22]} g6 {[%clk 1:05:52]}
26. Bf3 {[%clk 0:33:24]} Kg7 {[%clk 1:05:32]} 27. Rdd2 {[%clk 0:33:31]} Kh6
{[%clk 1:04:35]} 28. Re2 {[%clk 0:33:04]} Bf6 {[%clk 1:03:09]} 29. Re4
{[%clk 0:31:58]} Kg7 {[%clk 0:58:54]} 30. Re1 {[%clk 0:29:52]} Kf8
{[%clk 0:58:11]} 31. Re4 {[%clk 0:29:53]} Rd2 {[%clk 0:56:08]} 32. Rxd2
{[%clk 0:30:16]} Rxd2 {[%clk 0:56:31]} 33. Re2 {[%clk 0:30:44]} Rd3
{[%clk 0:55:09]} 34. Be4 {[%clk 0:28:59]} Rd1 {[%clk 0:54:52]} 35. Bf3
{[%clk 0:29:13]} Rc1 {[%clk 0:54:50]} 36. Rd2 {[%clk 0:29:00]} Ke7
{[%clk 0:53:19]} 37. Be2 {[%clk 0:27:28]} b5 {[%clk 0:52:00]} 38. Bd3
{[%clk 0:27:18]} a6 {[%clk 0:51:12]} 39. Rc2 {[%clk 0:27:29]} Rxc2
{[%clk 0:51:12]} 40. Bxc2 {[%clk 0:57:58]} Bc3 {[%clk 1:17:32]} 41. Kf3
{[%clk 0:58:04]} f5 {[%clk 1:16:40]} 42. Ke3 {[%clk 0:57:09]} Ke6
{[%clk 1:12:30]} 43. Bd1 {[%clk 0:57:04]} Ke5 {[%clk 1:11:47]} 44. Bf3
{[%clk 0:57:17]} Bd4+ {[%clk 1:12:04]} 45. Ke2 {[%clk 0:57:44]} Kd6
{[%clk 1:12:17]} 46. Bg2 {[%clk 0:47:58]} Kc5 {[%clk 1:01:52]} 47. f4
{[%clk 0:42:14]} Bc3 {[%clk 0:57:50]} 48. Bf3 {[%clk 0:41:06]} a5
{[%clk 0:56:03]} 49. Kd1 {[%clk 0:37:49]} Bd4 {[%clk 0:49:10]} 50. Ke2
{[%clk 0:37:31]} a4 {[%clk 0:47:19]} 51. Bg2 {[%clk 0:37:11]} a3 {[%clk 0:44:58]}
52. Bf3 {[%clk 0:37:11]} Kd6 {[%clk 0:41:08]} 53. Kf1 {[%clk 0:36:55]} c5
{[%clk 0:37:53]} 54. Be2 {[%clk 0:37:05]} Kc6 {[%clk 0:37:45]} 55. Bf3+
{[%clk 0:37:27]} Kb6 {[%clk 0:28:11]} 56. Ke1 {[%clk 0:33:58]} Ka5
{[%clk 0:18:11]} 57. Bd5 {[%clk 0:31:42]} c4 {[%clk 0:15:02]} 58. bxc4
{[%clk 0:31:56]} b4 {[%clk 0:15:27]} 59. c5 {[%clk 0:32:22]} Bxc5
{[%clk 0:15:46]} 60. Bf7 {[%clk 0:32:07]} Kb5 {[%clk 0:15:29]} 61. Kd1
{[%clk 0:32:22]} Bf2 {[%clk 0:15:07]} 1/2-1/2

[Event "XXIX Miedzynarodowy Festiwal Szachowy CRACOVIA-2018 Grupa A"]
[Site "Krakow, Hotel Galaxy, ul. Gesia 22a"]
[Date "2018.12.31"]
[Round "6.18"]
[White "Czerw, Dawid"]
[Black "Mosesov, Danylo"]
[Result "0-1"]
[BlackElo "2343"]
[WhiteElo "2275"]
[LiveChessVersion "1.4.8"]

1. d4 {[%clk 1:30:57]} Nf6 {[%clk 1:30:57]} 2. c4 {[%clk 1:31:22]} e6
{[%clk 1:31:25]} 3. g3 {[%clk 1:31:46]} d5 {[%clk 1:31:44]} 4. Bg2
{[%clk 1:32:00]} dxc4 {[%clk 1:30:53]} 5. Nf3 {[%clk 1:30:43]} b5
{[%clk 1:31:03]} 6. a4 {[%clk 1:28:24]} c6 {[%clk 1:30:19]} 7. O-O
{[%clk 1:25:07]} Bb7 {[%clk 1:30:22]} 8. b3 {[%clk 1:23:38]} cxb3
{[%clk 1:27:25]} 9. Qxb3 {[%clk 1:23:24]} a6 {[%clk 1:27:25]} 10. Ne5
{[%clk 1:10:19]} Qxd4 {[%clk 1:21:42]} 11. Bb2 {[%clk 1:10:37]} Qb6
{[%clk 1:20:59]} 12. Rc1 {[%clk 0:58:05]} Bc5 {[%clk 1:12:02]} 13. Nd3
{[%clk 0:54:00]} Be7 {[%clk 1:09:49]} 14. a5 {[%clk 0:36:46]} Qd8
{[%clk 1:06:18]} 15. Ne5 {[%clk 0:28:35]} Qc7 {[%clk 1:03:34]} 16. Na3
{[%clk 0:24:44]} O-O {[%clk 1:02:25]} 17. g4 {[%clk 0:21:56]} c5 {[%clk 0:57:52]}
18. g5 {[%clk 0:19:30]} Bxg2 {[%clk 0:55:35]} 19. Kxg2 {[%clk 0:14:35]} Nd5
{[%clk 0:55:56]} 20. e4 {[%clk 0:12:41]} Nf4+ {[%clk 0:54:52]} 21. Kh1
{[%clk 0:11:49]} Bxg5 {[%clk 0:53:30]} 22. Qg3 {[%clk 0:09:05]} f6
{[%clk 0:51:56]} 23. Nd3 {[%clk 0:06:02]} c4 {[%clk 0:50:28]} 24. Nxc4
{[%clk 0:02:58]} bxc4 {[%clk 0:50:43]} 25. Ra4 {[%clk 0:03:13]} Qd7
{[%clk 0:48:24]} 26. Nc5 {[%clk 0:01:51]} Qd2 {[%clk 0:48:04]} 0-1

[Event "XXIX Miedzynarodowy Festiwal Szachowy CRACOVIA-2018 Grupa A"]
[Site "Krakow, Hotel Galaxy, ul. Gesia 22a"]
[Date "2018.12.31"]
[Round "6.20"]
[White "Szpar, Milosz"]
[Black "Goluch, Piotr"]
[Result "1/2-1/2"]
[BlackElo "2273"]
[WhiteElo "2339"]
[LiveChessVersion "1.4.8"]

1. e4 {[%clk 1:30:58]} c6 {[%clk 1:29:50]} 2. d4 {[%clk 1:31:23]} d5
{[%clk 1:30:16]} 3. Nd2 {[%clk 1:31:46]} dxe4 {[%clk 1:30:42]} 4. Nxe4
{[%clk 1:32:10]} Bf5 {[%clk 1:31:08]} 5. Ng3 {[%clk 1:32:30]} Bg6
{[%clk 1:31:31]} 6. h4 {[%clk 1:32:50]} h6 {[%clk 1:31:56]} 7. Nf3
{[%clk 1:33:16]} e6 {[%clk 1:29:33]} 8. h5 {[%clk 1:26:41]} Bh7 {[%clk 1:29:58]}
9. Bd3 {[%clk 1:27:09]} Bxd3 {[%clk 1:30:21]} 10. Qxd3 {[%clk 1:27:37]} Nf6
{[%clk 1:30:46]} 11. Bd2 {[%clk 1:27:33]} c5 {[%clk 1:25:53]} 12. Ne4
{[%clk 1:27:33]} Nc6 {[%clk 1:25:43]} 13. Bc3 {[%clk 1:22:06]} cxd4
{[%clk 1:19:34]} 14. Nxd4 {[%clk 1:21:03]} Nd5 {[%clk 0:51:03]} 15. O-O-O
{[%clk 1:13:58]} Qb6 {[%clk 0:46:48]} 16. Qc4 {[%clk 0:58:04]} Nxc3
{[%clk 0:32:58]} 17. Nxc3 {[%clk 0:57:07]} Qb4 {[%clk 0:21:20]} 18. Qxb4
{[%clk 0:41:32]} Bxb4 {[%clk 0:21:45]} 19. Ne4 {[%clk 0:40:34]} Rc8
{[%clk 0:17:49]} 20. Rh3 {[%clk 0:38:47]} Nxd4 {[%clk 0:17:05]} 21. Rxd4
{[%clk 0:39:09]} Be7 {[%clk 0:17:31]} 22. Rhd3 {[%clk 0:38:18]} Rc7
{[%clk 0:16:44]} 23. g4 {[%clk 0:33:21]} O-O {[%clk 0:13:19]} 24. Rd7
{[%clk 0:33:16]} Rfc8 {[%clk 0:13:02]} 25. c3 {[%clk 0:29:54]} Kf8
{[%clk 0:11:01]} 26. Kd2 {[%clk 0:26:40]} Ke8 {[%clk 0:11:24]} 27. Rxc7
{[%clk 0:26:23]} Rxc7 {[%clk 0:11:50]} 28. Ke3 {[%clk 0:24:11]} g6
{[%clk 0:08:39]} 29. hxg6 {[%clk 0:23:38]} fxg6 {[%clk 0:09:05]} 30. Kf4
{[%clk 0:22:39]} Bf8 {[%clk 0:08:25]} 31. a4 {[%clk 0:17:28]} Rf7+
{[%clk 0:06:43]} 32. Kg3 {[%clk 0:15:40]} Be7 {[%clk 0:04:17]} 33. f4
{[%clk 0:06:28]} h5 {[%clk 0:03:49]} 34. gxh5 {[%clk 0:04:35]} gxh5
{[%clk 0:04:18]} 35. Rd1 {[%clk 0:04:33]} Rf5 {[%clk 0:04:24]} 36. Re1
{[%clk 0:02:27]} Kf7 {[%clk 0:02:58]} 37. c4 {[%clk 0:02:24]} e5 {[%clk 0:02:09]}
38. fxe5 {[%clk 0:02:31]} Ke6 {[%clk 0:01:35]} 39. Nc3 {[%clk 0:00:37]} Bb4
{[%clk 0:01:41]} 40. Re3 {[%clk 0:30:46]} Rxe5 {[%clk 0:30:48]} 41. Ne4
{[%clk 0:24:32]} Kf5 {[%clk 0:27:57]} 42. Kf3 {[%clk 0:24:41]} h4
{[%clk 0:28:26]} 43. b3 {[%clk 0:22:57]} a5 {[%clk 0:28:02]} 44. Re2
{[%clk 0:22:44]} b6 {[%clk 0:27:46]} 45. Re3 {[%clk 0:22:34]} Re6
{[%clk 0:23:37]} 46. Re2 {[%clk 0:22:49]} Rg6 {[%clk 0:23:56]} 47. Ke3
{[%clk 0:18:51]} h3 {[%clk 0:23:35]} 48. Kf3 {[%clk 0:16:03]} Bd6
{[%clk 0:20:59]} 49. c5 {[%clk 0:08:45]} bxc5 {[%clk 0:21:13]} 50. Nxd6+
{[%clk 0:08:46]} Rxd6 {[%clk 0:21:40]} 51. Rc2 {[%clk 0:09:06]} Rd3+
{[%clk 0:21:06]} 52. Kf2 {[%clk 0:09:10]} Rd5 {[%clk 0:19:39]} 53. Kg3
{[%clk 0:07:59]} Ke4 {[%clk 0:20:04]} 54. Rc4+ {[%clk 0:06:44]} Ke5
{[%clk 0:20:33]} 55. Rc3 {[%clk 0:05:58]} Ke4 {[%clk 0:15:42]} 56. Rc4+
{[%clk 0:06:10]} Ke5 {[%clk 0:16:01]} 57. Rc3 {[%clk 0:06:28]} Kd6
{[%clk 0:16:20]} 58. Kxh3 {[%clk 0:06:36]} Rg5 {[%clk 0:16:47]} 59. Rd3+
{[%clk 0:04:30]} Kc6 {[%clk 0:17:16]} 60. Rd8 {[%clk 0:03:31]} Rg1
{[%clk 0:17:40]} 61. Rb8 {[%clk 0:01:57]} Kd5 {[%clk 0:16:39]} 62. Rb5
{[%clk 0:02:05]} Rb1 {[%clk 0:17:04]} 63. Kg2 {[%clk 0:02:03]} 1/2-1/2

[Event "XXIX Miedzynarodowy Festiwal Szachowy CRACOVIA-2018 Grupa A"]
[Site "Krakow, Hotel Galaxy, ul. Gesia 22a"]
[Date "2018.12.31"]
[Round "6.21"]
[White "Chmiel, Marcin"]
[Black "Colijn, Stefan"]
[Result "0-1"]
[BlackElo "2331"]
[WhiteElo "2247"]
[LiveChessVersion "1.4.8"]

1. c4 e5 {[%clk 1:28:52]} 2. g3 {[%clk 1:31:17]} Nf6 {[%clk 1:29:17]} 3. Bg2
{[%clk 1:31:40]} Nc6 {[%clk 1:29:42]} 4. Nc3 {[%clk 1:32:01]} Bc5
{[%clk 1:30:02]} 5. Nf3 {[%clk 1:32:24]} d6 {[%clk 1:29:21]} 6. d3
{[%clk 1:32:38]} h6 {[%clk 1:29:41]} 7. O-O {[%clk 1:32:50]} O-O {[%clk 1:30:01]}
8. a3 {[%clk 1:33:15]} a5 {[%clk 1:30:05]} 9. e3 {[%clk 1:33:09]} Ba7
{[%clk 1:28:29]} 10. b3 {[%clk 1:31:53]} Re8 {[%clk 1:28:23]} 11. Bb2
{[%clk 1:31:46]} Bf5 {[%clk 1:28:14]} 12. h3 {[%clk 1:29:23]} Qd7
{[%clk 1:15:06]} 13. Kh2 e4 {[%clk 0:54:45]} 14. dxe4 {[%clk 1:22:53]} Nxe4
{[%clk 0:52:27]} 15. Nd5 {[%clk 1:20:38]} Nc5 {[%clk 0:48:44]} 16. b4
{[%clk 1:14:42]} Nd3 {[%clk 0:47:22]} 17. Bc3 {[%clk 1:14:44]} Nde5
{[%clk 0:42:39]} 18. Nh4 {[%clk 0:56:17]} Bd3 {[%clk 0:39:50]} 19. b5
{[%clk 0:54:54]} Bxf1 {[%clk 0:39:01]} 20. Qxf1 {[%clk 0:49:13]} Nd8
{[%clk 0:37:36]} 21. Bxa5 {[%clk 0:48:15]} Bb8 {[%clk 0:35:00]} 22. Bc3
{[%clk 0:43:02]} Ra4 {[%clk 0:34:40]} 23. Qd1 {[%clk 0:38:38]} Rxc4
{[%clk 0:27:38]} 24. f4 {[%clk 0:38:17]} Rxc3 {[%clk 0:28:04]} 25. Nxc3
{[%clk 0:37:30]} Nc4 {[%clk 0:28:33]} 26. Qd4 {[%clk 0:33:47]} Nxe3
{[%clk 0:24:43]} 27. Be4 {[%clk 0:31:42]} d5 {[%clk 0:20:32]} 28. Nxd5
{[%clk 0:28:22]} Nxd5 {[%clk 0:15:22]} 29. Qxd5 {[%clk 0:28:42]} Qe7
{[%clk 0:13:48]} 30. Re1 {[%clk 0:26:34]} Kf8 {[%clk 0:12:31]} 31. Re2
{[%clk 0:17:13]} Qxa3 {[%clk 0:08:18]} 32. Qf5 {[%clk 0:17:09]} Re6
{[%clk 0:08:43]} 33. Qh7 {[%clk 0:16:14]} Qc3 {[%clk 0:07:23]} 34. Nf5
{[%clk 0:15:04]} g6 {[%clk 0:07:10]} 35. Rc2 {[%clk 0:13:26]} Qf6
{[%clk 0:06:11]} 36. Qxh6+ {[%clk 0:08:43]} Kg8 {[%clk 0:06:40]} 37. Rd2
{[%clk 0:08:05]} Re8 {[%clk 0:06:21]} 38. h4 {[%clk 0:03:05]} Ne6
{[%clk 0:04:43]} 39. h5 {[%clk 0:03:02]} Nf8 {[%clk 0:03:48]} 40. Bb1
{[%clk 0:30:45]} Ba7 {[%clk 0:30:34]} 41. Kh3 {[%clk 0:25:59]} Bc5
{[%clk 0:21:14]} 42. hxg6 {[%clk 0:22:57]} Nxg6 {[%clk 0:21:30]} 43. Kg4
{[%clk 0:17:59]} Bf8 {[%clk 0:14:15]} 44. Qh5 {[%clk 0:17:38]} c5
{[%clk 0:12:30]} 45. Ba2 {[%clk 0:15:25]} Re4 {[%clk 0:12:14]} 46. Bd5
{[%clk 0:06:57]} Rb4 {[%clk 0:10:31]} 47. Re2 {[%clk 0:06:44]} c4
{[%clk 0:06:25]} 48. Re8 {[%clk 0:06:26]} c3 {[%clk 0:06:34]} 49. Nh6+
{[%clk 0:04:23]} Kg7 {[%clk 0:07:03]} 50. Nxf7 {[%clk 0:03:18]} Rxf4+
{[%clk 0:06:29]} 51. gxf4 {[%clk 0:02:24]} Qxf4+ {[%clk 0:06:58]} 52. Kh3
{[%clk 0:02:45]} Qf1+ {[%clk 0:07:26]} 53. Kh2 {[%clk 0:02:24]} Qf2+
{[%clk 0:07:11]} 54. Kh1 {[%clk 0:02:30]} Qf1+ {[%clk 0:07:06]} 55. Kh2
{[%clk 0:02:58]} Qf2+ {[%clk 0:05:17]} 56. Bg2 {[%clk 0:03:11]} Qf4+
{[%clk 0:05:42]} 57. Kg1 {[%clk 0:03:03]} c2 {[%clk 0:06:05]} 58. Re1
{[%clk 0:01:42]} c1=Q {[%clk 0:06:32]} 59. Rxc1 {[%clk 0:01:50]} Qxc1+
{[%clk 0:07:00]} 60. Kf2 {[%clk 0:01:22]} Bc5+ {[%clk 0:06:08]} 61. Kg3 Qe1+
{[%clk 0:06:08]} 62. Kh2 Bg1+ {[%clk 0:06:08]} 0-1

[Event "XXIX Miedzynarodowy Festiwal Szachowy CRACOVIA-2018 Grupa A"]
[Site "Krakow, Hotel Galaxy, ul. Gesia 22a"]
[Date "2018.12.31"]
[Round "6.22"]
[White "Heinzel, Olaf"]
[Black "Chylewski, Patryk"]
[Result "1/2-1/2"]
[BlackElo "2268"]
[WhiteElo "2326"]
[LiveChessVersion "1.4.8"]

1. d4 {[%clk 1:30:57]} d5 {[%clk 1:30:51]} 2. Bf4 {[%clk 1:31:20]} Nf6
{[%clk 1:31:15]} 3. e3 {[%clk 1:31:36]} e6 {[%clk 1:31:37]} 4. Nd2
{[%clk 1:31:54]} c5 {[%clk 1:31:52]} 5. c3 {[%clk 1:32:14]} Nc6 {[%clk 1:32:16]}
6. Ngf3 {[%clk 1:31:00]} cxd4 {[%clk 1:32:38]} 7. exd4 {[%clk 1:31:15]} Nh5
{[%clk 1:33:02]} 8. Be3 {[%clk 1:30:33]} Bd6 {[%clk 1:33:26]} 9. Ne5
{[%clk 1:28:59]} g6 {[%clk 1:33:47]} 10. f4 {[%clk 1:21:36]} O-O {[%clk 1:25:59]}
11. Be2 {[%clk 1:18:02]} Ng7 {[%clk 1:26:01]} 12. O-O {[%clk 1:12:51]} Qc7
{[%clk 1:18:44]} 13. Ndf3 {[%clk 1:06:21]} Na5 {[%clk 1:12:21]} 14. b4
{[%clk 0:58:26]} Nc6 {[%clk 1:11:15]} 15. Qd2 {[%clk 0:56:49]} f6
{[%clk 0:59:19]} 16. Nd3 {[%clk 0:56:02]} b6 {[%clk 0:57:33]} 17. a4
{[%clk 0:50:57]} Bb7 {[%clk 0:52:16]} 18. Rfe1 {[%clk 0:46:03]} Rac8
{[%clk 0:50:41]} 19. Rac1 {[%clk 0:45:57]} Qd7 {[%clk 0:49:20]} 20. Qa2
{[%clk 0:39:02]} Kh8 {[%clk 0:44:50]} 21. Bf1 {[%clk 0:34:11]} 1/2-1/2

[Event "XXIX Miedzynarodowy Festiwal Szachowy CRACOVIA-2018 Grupa A"]
[Site "Krakow, Hotel Galaxy, ul. Gesia 22a"]
[Date "2018.12.31"]
[Round "6.23"]
[White "Naboka, Sergey"]
[Black "Gombocz, Ferenc Jr."]
[Result "1/2-1/2"]
[BlackElo "2263"]
[WhiteElo "2324"]
[LiveChessVersion "1.4.8"]

1. e4 e5 2. Nf3 Nc6 3. Bb5 g6 4. d4 exd4 5. Bg5 Be7 6. Bxe7 Qxe7 7. Bxc6 dxc6 8.
Qxd4 Nf6 9. Nc3 Bg4 10. Nd2 c5 11. Qe3 Bd7 12. O-O O-O 13. f4 Rad8 14. Nf3 Rfe8
15. Rae1 b5 16. Ne5 b4 17. Ne2 Bb5 18. Rf3 Nd7 19. Nxd7 Rxd7 20. Ng3 Qd6 21. e5
Qd2 22. Ne4 Qxe3+ 23. Rfxe3 Kf8 24. Nf6 Rd2 25. Nxe8 Kxe8 26. a4 Bxa4 27. R3e2
Rxc2 28. Rxc2 Bxc2 29. Ra1 c4 30. Rxa7 c3 31. bxc3 b3 32. Rb7 Kd7 33. c4 Kc6 34.
Rb5 Bd3 35. Rxb3 Bxc4 36. Rb8 Kd5 37. Kf2 Ke4 38. g3 Be6 39. Ke2 c5 40. Rb7 h5
41. Ra7 c4 42. Ra3 Kf5 43. Kf3 Bd5+ 44. Ke3 Kg4 45. Kd4 Be6 46. Ke4 Bf5+ 47. Kd4
Be6 48. Ke3 Bd5 49. Ra5 Be6 50. Kf2 Kh3 51. Kg1 h4 52. Ra3 Kg4 53. Kf2 Bd5 54.
Ke3 hxg3 55. hxg3 Be6 56. Ke4 Bf5+ 57. Kd4 Be6 58. Re3 Kh3 59. Kc5 Kg4 60. Kd6
Kh3 61. Ke7 Bd5 62. Kd6 Be6 63. Kc5 Kg4 64. Kd4 Kh3 65. Kc3 Kg4 66. Kd2 Bf5 67.
Ke1 Be6 68. Kf2 Bd5 69. Ra3 Kf5 70. Ke3 Kg4 71. Ra5 Be6 72. Kf2 g5 73. Ke3 Kxg3
74. fxg5 Kg4 75. g6 fxg6 76. Ke4 c3 77. Ra1 c2 78. Rg1+ Kh3 79. Kf4 Kh4 80. Rh1+
Bh3 81. Ke3 Kg5 82. Kd2 Be6 83. Rf1 Bf5 84. Re1 Be6 85. Kxc2 Kf4 86. Kd3 g5 87.
Kd4 g4 88. Rf1+ Kg5 89. Rf6 g3 90. Ke3 Bd5 91. Rd6 Ba8 92. Rd8 Bc6 93. Rf8 Bd5
94. Ke2 Kg6 95. Ke3 Kg5 96. Rd8 Bc6 97. Rg8+ Kf5 98. Rxg3 Kxe5 99. Ke4+ 1/2-1/2

[Event "XXIX Miedzynarodowy Festiwal Szachowy CRACOVIA-2018 Grupa A"]
[Site "Krakow, Hotel Galaxy, ul. Gesia 22a"]
[Date "2018.??.??"]
[Round "6.26"]
[White "Bus, Konrad"]
[Black "Baum, Jonasz"]
[Result "1-0"]
[WhiteElo "2221"]
[BlackElo "2302"]
[PlyCount "147"]
[EventDate "2018.??.??"]

1. d4 d5 2. c4 e6 3. Nf3 Nf6 4. g3 dxc4 5. Bg2 Bb4+ 6. Bd2 c5 7. a3 Bxd2+ 8.
Nbxd2 cxd4 9. Nxc4 Nc6 10. O-O O-O 11. Qd2 Re8 12. Nfe5 Nxe5 13. Nxe5 Qd6 14.
f4 Nd7 15. Nc4 Qc5 16. Rac1 Nb6 17. Ne5 Qd6 18. Nf3 d3 19. Ne5 Rd8 20. Qxd3
Qxd3 21. Nxd3 Nd5 22. Kf2 Bd7 23. Rc5 Rac8 24. Bxd5 exd5 25. Rxd5 Bc6 26. Rxd8+
Rxd8 27. Rc1 f6 28. Rc5 Kf8 29. Nb4 Be4 30. Ke3 Re8 31. Kd2 Rd8+ 32. Ke3 Re8
33. Kf2 Rd8 34. Ke1 Rd7 35. Na2 b6 36. Rc8+ Kf7 37. Nc3 Bb7 38. Rb8 Kg6 39. Kf2
Kf5 40. h3 g5 41. fxg5 fxg5 42. e4+ Ke6 43. Ke3 Bc6 44. Re8+ Kf7 45. Re5 Kf6
46. Rf5+ Kg6 47. Nd5 Rf7 48. h4 h6 49. Rxf7 Kxf7 50. hxg5 hxg5 51. Kd4 Ke6 52.
Nc3 Kf6 53. b4 Kg6 54. Nd5 Kh5 55. Nf6+ Kg6 56. Ke5 Ba4 57. Nd5 Kh5 58. Ne3 Bc6
59. Kf5 Kh6 60. e5 Kg7 61. Kxg5 Kf7 62. Kf4 Ke6 63. g4 Be8 64. Ke4 Bg6+ 65. Kd4
Bb1 66. Nd5 Ba2 67. Nf4+ Kf7 68. g5 Ke7 69. g6 Bb1 70. Kd5 Bf5 71. e6 Bb1 72.
Ke5 a5 73. g7 Bh7 74. Nd5+ 1-0

[Event "XXIX Miedzynarodowy Festiwal Szachowy CRACOVIA-2018 Grupa A"]
[Site "Krakow, Hotel Galaxy, ul. Gesia 22a"]
[Date "2018.??.??"]
[Round "6.40"]
[White "Kasperek, Ryszard"]
[Black "Malicka, Maria"]
[Result "1/2-1/2"]
[WhiteElo "2212"]
[BlackElo "2013"]
[PlyCount "98"]
[EventDate "2018.??.??"]

1. f4 d5 2. Nf3 c5 3. g3 Nc6 4. Bg2 Nf6 5. O-O g6 6. d3 Bg7 7. Qe1 Bf5 8. h3 h5
9. Nh4 Qd7 10. Kh2 d4 11. Na3 Nd5 12. Nc4 Bf6 13. e4 dxe3 14. Nxe3 Nxe3 15.
Bxe3 Bxh4 16. gxh4 Nd4 17. Qf2 O-O 18. b4 Rfd8 19. bxc5 Rac8 20. Rab1 Qa4 21.
Rxb7 Nxc2 22. c6 Nxe3 23. Qxe3 Rxd3 24. Qxe7 Qxa2 25. Rxa7 Qb3 26. Rf3 Rxf3 27.
Bxf3 Be6 28. Bg2 Qe3 29. Ra4 Qd2 30. Re4 Bf5 31. Qb4 Qf2 32. Qe1 Qxe1 33. Rxe1
Kf8 34. Ra1 Rc7 35. Kg3 Ke7 36. Kf2 Kd6 37. Rd1+ Kc5 38. Rc1+ Kd6 39. Rd1+ Kc5
40. Rd5+ Kb6 41. Rd2 Bc8 42. Ke3 Ra7 43. Kd4 Kc7 44. Ke5 Ra5+ 45. Kd4 Ra4+ 46.
Ke3 Be6 47. Rb2 Ra3+ 48. Kd4 Ra4+ 49. Ke3 Ra3+ 1/2-1/2

[Event "XXIX Miedzynarodowy Festiwal Szachowy CRACOVIA-2018 Grupa A"]
[Site "Krakow, Hotel Galaxy, ul. Gesia 22a"]
[Date "2018.??.??"]
[Round "6.44"]
[White "Skawinski, Arkadiusz"]
[Black "Kaczmarska, Joanna"]
[Result "1-0"]
[WhiteElo "2419"]
[BlackElo "1980"]
[PlyCount "129"]
[EventDate "2018.??.??"]

1. e4 e6 2. d4 d5 3. e5 c5 4. c3 Nc6 5. Nf3 Qb6 6. a3 c4 7. Nbd2 Na5 8. Be2 Bd7
9. Rb1 Qc7 10. O-O Ne7 11. Re1 Nc8 12. Nf1 Nb6 13. Qd2 O-O-O 14. Ng3 h6 15. Nh5
Rg8 16. Bd1 Be7 17. Qf4 Rdf8 18. Qg3 g6 19. Nf6 Bxf6 20. exf6 g5 21. Ne5 Qd8
22. Qf3 Ba4 23. Bxa4 Nxa4 24. h4 Nb6 25. Ng4 h5 26. Ne5 g4 27. Qf4 Nd7 28. Nxd7
Kxd7 29. Re5 Rg6 30. Rxh5 Qxf6 31. Qxf6 Rxf6 32. Rg5 Rg6 33. Rxg6 fxg6 34. Be3
Rh8 35. Bg5 Nc6 36. Kh2 Rf8 37. Be3 e5 38. dxe5 b6 39. Kg3 Nxe5 40. Re1 Nd3 41.
Re2 Re8 42. Kxg4 Nxf2+ 43. Rxf2 Rxe3 44. Kf4 Re4+ 45. Kg5 d4 46. cxd4 b5 47. g4
a5 48. d5 b4 49. axb4 axb4 50. Rg2 c3 51. bxc3 bxc3 52. Kxg6 c2 53. Rxc2 Rxg4+
54. Kh5 Rd4 55. Rc5 Kd6 56. Ra5 Rd1 57. Kh6 Rh1 58. h5 Ke5 59. Kg6 Rg1+ 60. Kh7
Rh1 61. Kg6 Rg1+ 62. Kf7 Rf1+ 63. Ke7 Re1 64. d6+ Kf4+ 65. Kd8 1-0

[Event "XXIX Miedzynarodowy Festiwal Szachowy CRACOVIA-2018 Grupa A"]
[Site "Krakow, Hotel Galaxy, ul. Gesia 22a"]
[Date "2018.??.??"]
[Round "6.46"]
[White "Sanz Losada, Victoriano"]
[Black "Tomaszewski, Roman"]
[Result "1-0"]
[WhiteElo "2121"]
[BlackElo "2216"]
[PlyCount "69"]
[EventDate "2018.??.??"]

1. d4 Nf6 2. c4 g6 3. Nc3 d5 4. Nf3 Bg7 5. Bg5 Ne4 6. cxd5 Nxc3 7. bxc3 Qxd5 8.
e3 c5 9. Qb3 Be6 10. Bb5+ Nc6 11. c4 Qd8 12. O-O h6 13. Bh4 g5 14. Rad1 Bd7 15.
Bg3 cxd4 16. exd4 O-O 17. Bxc6 bxc6 18. Ne5 Qc8 19. Qa4 Rd8 20. c5 Be8 21. f4
f6 22. Nc4 Bg6 23. fxg5 hxg5 24. Na5 Qa6 25. Rfe1 Be8 26. h4 gxh4 27. Bxh4 Rac8
28. Re3 Rd5 29. Re6 Rh5 30. d5 Rxh4 31. Qxh4 Qxa5 32. Qg4 Qxc5+ 33. Kh1 Kf7 34.
Rxf6+ exf6 35. Qe6+ {zapis nieczytelny} 1-0

[Event "XXIX Miedzynarodowy Festiwal Szachowy CRACOVIA-2018 Grupa A"]
[Site "Krakow, Hotel Galaxy, ul. Gesia 22a"]
[Date "2018.??.??"]
[Round "6.50"]
[White "Kubicka, Anna"]
[Black "Om, Kharola"]
[Result "1/2-1/2"]
[WhiteElo "2168"]
[BlackElo "2080"]
[PlyCount "83"]
[EventDate "2018.??.??"]

1. d4 d5 2. c4 e6 3. Nc3 Nf6 4. cxd5 exd5 5. Bg5 c6 6. e3 Be7 7. Bd3 h6 8. Bh4
Be6 9. Qc2 Nbd7 10. Nge2 Rc8 11. f3 c5 12. O-O O-O 13. Rad1 Nb6 14. Rfe1 Nfd7
15. Bf2 Bf6 16. Bf5 cxd4 17. Nxd4 Bxd4 18. Rxd4 Qf6 19. Rf4 Bxf5 20. Qxf5 Qxf5
21. Rxf5 g6 22. Rf4 Ne5 23. Rd4 Nec4 24. b3 Na3 25. Nxd5 Nxd5 26. Rxd5 Nc2 27.
Red1 Nb4 28. R5d2 Rc3 29. e4 Nc6 30. h3 a5 31. Bh4 g5 32. Bg3 Ra8 33. Rd7 b5
34. Rc7 Rc5 35. b4 Rc4 36. Bd6 Rd8 37. Rd5 Nxb4 38. Rxb5 Rxc7 39. Bxc7 Rd4 40.
Kh2 Nxa2 41. Rxa5 Rd7 42. Be5 {zapis nieczytelny} 1/2-1/2

[Event "XXIX Miedzynarodowy Festiwal Szachowy CRACOVIA-2018 Grupa A"]
[Site "Krakow, Hotel Galaxy, ul. Gesia 22a"]
[Date "2018.??.??"]
[Round "6.55"]
[White "Seemann, Jakub"]
[Black "Luba, Lukasz"]
[Result "1/2-1/2"]
[WhiteElo "1907"]
[BlackElo "2135"]
[PlyCount "172"]
[EventDate "2018.??.??"]

1. e4 e6 2. d4 d5 3. Nd2 dxe4 4. Nxe4 Nf6 5. Bd3 Bd7 6. Nf3 Bc6 7. Qe2 Bxe4 8.
Bxe4 Nxe4 9. Qxe4 Qd5 10. Qxd5 exd5 11. O-O f6 12. Bf4 Kd7 13. b3 g5 14. Bg3
Nc6 15. Rad1 Bb4 16. c4 Ne7 17. Ne1 Bxe1 18. Rfxe1 Rhe8 19. f3 c6 20. Bf2 b5
21. c5 b4 22. a4 bxa3 23. Ra1 Reb8 24. Rxa3 Rb4 25. Rea1 Ke6 26. g4 f5 27. Re1+
Kf6 28. Be3 f4 29. Bf2 a5 30. Rea1 Rab8 31. Be1 Rxb3 32. Bxa5 Rxa3 33. Rxa3 Ng6
34. Bc7 Rb1+ 35. Kf2 Rb2+ 36. Kf1 Ke6 37. Bd8 h6 38. Ra7 Rb1+ 39. Ke2 Rh1 40.
Rg7 Rxh2+ 41. Kd3 Rf2 42. Rxg6+ Kd7 43. Rd6+ Kc8 44. Bb6 Rxf3+ 45. Ke2 Re3+ 46.
Kd2 Kb7 47. Rxh6 Rg3 48. Rh1 Rxg4 49. Ra1 Rg2+ 50. Kd3 g4 51. Ra7+ Kb8 52. Rc7
f3 53. Rxc6 Rb2 54. Rf6 f2 55. Rf7 Kc8 56. Bc7 f1=Q+ 57. Rxf1 Kxc7 58. Rf7+ Kc6
59. Rf6+ Kc7 60. Rg6 Rg2 61. Ke3 g3 62. Kf4 Re2 63. Kxg3 Re3+ 64. Kh4 Re1 65.
Rg4 Kc6 66. Kg5 Rf1 67. Rf4 Rg1+ 68. Kf6 Re1 69. Kf5 Re8 70. Rh4 Rf8+ 71. Kg5
Rg8+ 72. Kf5 Re8 73. Rh6+ Kc7 74. Kg5 Re4 75. Rh4 Re8 76. Kf5 Kc6 77. Rh6+ Kb5
78. Re6 Rh8 79. Ke5 Kc4 80. c6 Rh5+ 81. Kd6 Kxd4 82. c7 Rh8 83. Rg6 Kc4 84. Kd7
d4 85. c8=Q+ Rxc8 86. Kxc8 d3 1/2-1/2